Toledo: su historia y su leyenda

Guardat en:
Dades bibliogràfiques
Autor principal: Pérez Galdos, Benito (Autor)
Format: Llibre
Idioma:espanyol
Publicat: Madrid Renacimiento 1900
Col·lecció:Obras Inéditas, 8
Matèries:
Etiquetes: Afegir etiqueta
Sense etiquetes, Sigues el primer a etiquetar aquest registre!

MARC

LEADER 00000nam a2200000 a 4500
001 UCZ7869
003 CL-VaPUC
008 960112e19000000SP |||||||||||||||||spa|d
082 0 4 |a 946  |b PER  |2 21 
100 0 |a Pérez Galdos, Benito  |e author  |9 318144 
245 1 0 |a Toledo: su historia y su leyenda 
300 |a 201 p 
942 |c BK 
945 |d 19960112 00:00:00  |a rleighto 
260 |a Madrid  |b Renacimiento  |c 1900 
650 0 |a Ciudades  |9 265474 
650 0 |a Historia  |9 255047 
651 7 |a TOLEDO  |2 CL-VaPUC  |9 346326 
651 0 |a España  |9 254926 
583 |a last modification  |c 19960112 00:00:00  |k Rodrigo Vera 
490 0 |a Obras Inéditas, 8 
999 |c 243862  |d 243860 
952 |0 0  |1 0  |4 0  |6 946_000000000000000_PER_1900  |7 0  |8 A  |9 257697  |a BIBEDU  |b BIBEDU  |d 2019-11-19  |i 3169375  |o 946 PER 1900  |p 3169375  |r 2019-11-19  |w 2019-11-19  |y BK  |k LIT